La criminalidad de cuello blanco en Costa Rica, un factor etiológico de la crisis

Đã lưu trong:
Chi tiết về thư mục
Tác giả chính: Hidalgo González, Jorge
Định dạng: Texto
Được phát hành: San José
Các nhãn: Thêm thẻ
Không có thẻ, Là người đầu tiên thẻ bản ghi này!

MARC

LEADER 00000 a a2200000 04500
001 21206
003
040
090 |a 092400  
100 |a Hidalgo González, Jorge  
245 |a La criminalidad de cuello blanco en Costa Rica, un factor etiológico de la crisis  
260 |a San José  
300 |a 13 p.  
999 |c 16379  |d 16379